[Event "8. Int. Tournament Anatoly Karpov"]
[Site "Poikovsky RUS"]
[Date "2007.03.18"]
[Round "4.3"]
[White "Rublevsky, Sergei"]
[Black "Tkachiev, Vladislav"]
[Result "1-0"]
[WhiteElo "2677"]
[BlackElo "2649"]
[PlyCount "55"]
[EventDate "2007.03.15"]
[EventType "tourn"]
[EventRounds "9"]
[EventCountry "RUS"]
[EventCategory "17"]
[Source "lmi"]
[SourceDate "2007.03.15"]

1. e4 e5 2. Nf3 Nc6 3. d4 exd4 4. Nxd4 Bc5 5. Nxc6 Qf6 6. Qf3 bxc6 7. Qg3 h5 8.
h4 Nh6 9. f3 d5 10. Nc3 Bb4 11. Bd2 dxe4 12. O-O-O e3 13. Bxe3 Bxc3 14. Bg5
Bxb2+ 15. Kb1 Be6 16. Bxf6 Bxf6 17. Re1 Rb8+ 18. Kc1 Nf5 19. Qxc7 O-O 20. Rxe6
fxe6 21. Bc4 Bb2+ 22. Kd2 Rbd8+ 23. Bd3 Bf6 24. Qxc6 Rd6 25. Qe4 Rc8 26. g4 Nd4
27. g5 Be5 28. f4 1-0

[Event "8. Int. Tournament Anatoly Karpov"]
[Site "Poikovsky RUS"]
[Date "2007.03.19"]
[Round "5.2"]
[White "Bologan, Viktor"]
[Black "Istratescu, Andrei"]
[Result "1-0"]
[WhiteElo "2658"]
[BlackElo "2619"]
[PlyCount "101"]
[EventDate "2007.03.15"]
[EventType "tourn"]
[EventRounds "9"]
[EventCountry "RUS"]
[EventCategory "17"]
[Source "lmi"]
[SourceDate "2007.03.15"]

1. d4 Nf6 2. c4 e6 3. Nf3 b6 4. g3 Ba6 5. b3 Bb7 6. Bg2 Bb4+ 7. Bd2 a5 8. Nc3
O-O 9. O-O d6 10. Qc2 Nbd7 11. Rfd1 Bxc3 12. Bxc3 Be4 13. Qc1 a4 14. Bh3 axb3
15. axb3 Rxa1 16. Qxa1 Qa8 17. Nd2 Qxa1 18. Rxa1 Ra8 19. Rxa8+ Bxa8 20. f3 c5
21. e4 cxd4 22. Bxd4 Kf8 23. b4 Bc6 24. Bf1 Ke7 25. Kf2 Ne8 26. Nb1 Ba4 27. Ke1
f6 28. Nc3 Bb3 29. Kd2 Nc7 30. Kc1 d5 31. cxd5 exd5 32. Kb2 Bc4 33. Bxc4 dxc4
34. b5 Kd6 35. Ka3 Ne6 36. Be3 Nec5 37. Na4 g5 38. Bxc5+ bxc5 39. f4 gxf4 40.
gxf4 Nf8 41. Nb2 c3 42. Nc4+ Kc7 43. f5 h5 44. h4 Nd7 45. Kb3 Kb7 46. Kxc3 Kc7
47. Kb3 Kb7 48. Ka4 Kc7 49. Ka5 Nb8 50. b6+ Kc6 51. e5 1-0

[Event "8. Int. Tournament Anatoly Karpov"]
[Site "Poikovsky RUS"]
[Date "2007.03.19"]
[Round "5.3"]
[White "Tkachiev, Vladislav"]
[Black "Alekseev, Evgeny"]
[Result "1/2-1/2"]
[WhiteElo "2649"]
[BlackElo "2661"]
[PlyCount "25"]
[EventDate "2007.03.15"]
[EventType "tourn"]
[EventRounds "9"]
[EventCountry "RUS"]
[EventCategory "17"]
[Source "lmi"]
[SourceDate "2007.03.15"]

1. d4 Nf6 2. c4 e6 3. g3 c5 4. Nf3 cxd4 5. Nxd4 Qc7 6. Nc3 a6 7. Bg2 Qxc4 8.
O-O Nc6 9. Nb3 d5 10. Bf4 Be7 11. a3 a5 12. Rc1 Qa6 13. e4 1/2-1/2

[Event "8. Int. Tournament Anatoly Karpov"]
[Site "Poikovsky RUS"]
[Date "2007.03.21"]
[Round "6.5"]
[White "Zhang Pengxiang"]
[Black "Bologan, Viktor"]
[Result "0-1"]
[WhiteElo "2643"]
[BlackElo "2658"]
[PlyCount "76"]
[EventDate "2007.03.15"]
[EventType "tourn"]
[EventRounds "9"]
[EventCountry "RUS"]
[EventCategory "17"]
[Source "lmi"]
[SourceDate "2007.03.15"]

1. e4 c6 2. d4 d5 3. e5 Bf5 4. Nc3 e6 5. g4 Bg6 6. Nge2 c5 7. h4 h5 8. Nf4 Bh7
9. g5 cxd4 10. Nb5 Be4 11. f3 Bf5 12. g6 Nc6 13. Nxd4 Nxd4 14. Qxd4 Ne7 15. Bd3
Qc7 16. Qa4+ Nc6 17. Bxf5 Qxe5+ 18. Be4 f5 19. Bd2 dxe4 20. O-O-O O-O-O 21. Qc4
Rxd2 22. Rxd2 Qxf4 23. Qxe6+ Kc7 24. fxe4 Bc5 25. Qf7+ Kb8 26. Qxf5 Qxf5 27.
exf5 Be3 28. Re1 Bxd2+ 29. Kxd2 Rf8 30. Kd3 Rxf5 31. Re8+ Kc7 32. Rg8 Rd5+ 33.
Ke3 Rd7 34. Ke4 Re7+ 35. Kf4 Ne5 36. Kg5 Nf3+ 37. Kxh5 Re4 38. Rxg7+ Kc6 0-1